Southville International School and Colleges
Your cart is empty.
  • Cart
  • Lists
    Public lists Eva Luna New books Lux_list list_1
    Your lists Log in to create your own lists
  • Log in to your account
  • Your cookies
  • Search history
Southville International School and Colleges
  • Advanced search
  • Recent comments
  • Most popular
  • Libraries

Log in to your account

Log in with GOOGLE


If you do not have an external account, but do have a local account, you can still log in:

  1. Home
  2. MARC view: Assessment:
Normal view MARC view ISBD view

Assessment: (Record no. 283262)

[ view plain ]
MARC details
000 -LEADER
fixed length control field 00593nam a2200181Ia 4500
008 - FIXED-LENGTH DATA ELEMENTS--GENERAL INFORMATION
fixed length control field 150223s9999 xx 000 0 und d
020 ## - INTERNATIONAL STANDARD BOOK NUMBER
International Standard Book Number 781795818
050 ## - LIBRARY OF CONGRESS CALL NUMBER
Classification number RT 48
Item number .A876 2003
245 ## - TITLE STATEMENT
Title Assessment:
Remainder of title made incredibly easy! /
250 ## - EDITION STATEMENT
Edition statement 3rd edition
260 ## - PUBLICATION, DISTRIBUTION, ETC. (IMPRINT)
Place of publication, distribution, etc United states of america:
Name of publisher, distributor, etc Lippincot Williams and Wilkins,
Date of publication, distribution, etc 2003
300 ## - PHYSICAL DESCRIPTION
Extent 378 pages :
Other physical details Illustration;
Dimensions 24 cm.
504 ## - BIBLIOGRAPHY, ETC. NOTE
Bibliography, etc Includes bibliographical references and Index.
520 ## - SUMMARY, ETC.
Summary, etc nursing assessment
650 ## - SUBJECT ADDED ENTRY--TOPICAL TERM
Topical term or geographic name as entry element Handbooks
General subdivision Manuals.
650 ## - SUBJECT ADDED ENTRY--TOPICAL TERM
Topical term or geographic name as entry element Handbooks.
650 ## - SUBJECT ADDED ENTRY--TOPICAL TERM
Topical term or geographic name as entry element Physical Examination
General subdivision Methods.

No items available.

Assessment:

APA

(2003). Assessment. United states of america: Lippincot Williams and Wilkins.

Chicago

2003. Assessment. United states of america: Lippincot Williams and Wilkins.

Harvard

(2003). Assessment. United states of america: Lippincot Williams and Wilkins.

MLA

Assessment. United states of america: Lippincot Williams and Wilkins. 2003.

  • Print
  • Cite
  • Add to your cart (remove)
  • Save record
    BIBTEX Dublin Core MARCXML MARC (non-Unicode/MARC-8) MARC (Unicode/UTF-8) MARC (Unicode/UTF-8, Standard) MODS (XML) RIS
  • More searches
    Search for this title in:
    Other Libraries (WorldCat) Other Databases (Google Scholar) Online Stores (Bookfinder.com) Open Library (openlibrary.org)

Exporting to Dublin Core...

SOUTHVILLE LIBRARY

Southville International School and Colleges Library

1281 Tropical Ave. Cor. Luxembourg St., BF Homes International, Las Pinas City

Tel. No. 8256374 / 252358 Loc. 117/146

Powered by Koha